00357nam a2200097Ia 4500008004100000100002300041245006500064245002400129260000900153856009700162160531s9999 xx 000 0 und d aBulnes, Francisco. aOrbital Integrals on Reductive Lie Groups and Their Algebras cby Francisco Bulnes c2013 uhttp://www.intechopen.com/books/orbital-integrals-on-reductive-lie-groups-and-their-algebras